LEADER 00872nam a2200241 i 4500 001 991002873989707536 005 20020503174344.0 008 000704s1970 it ||| | ita 035 $ab10426735-39ule_inst 035 $aEXGIL111278$9ExL 040 $aBiblioteca Interfacoltà$bita 082 0 $a853.914 100 1 $aCordero, Franco$0133917 245 10$aGenus /$cFranco Cordero 260 $aBari :$bDe Donato,$c1970 300 $a141 p. ;$c21 cm. 907 $a.b10426735$b02-04-14$c27-06-02 912 $a991002873989707536 945 $aLE002 It. X N 16$g1$i2002000993199$lle002$o-$pE0.00$q-$rl$s- $t0$u0$v0$w0$x0$y.i10495721$z27-06-02 945 $aLE002 Fondo Bodini It. 51$g2$i2002000993175$lle002$o-$pE0.00$q-$rl$so $t0$u0$v0$w0$x0$y.i15167021$z13-09-10 996 $aGenus$9219319 997 $aUNISALENTO 998 $ale002$b01-01-00$cm$da $e-$fita$git $h0$i1 LEADER 02286nam 2200637 a 450 001 9910785861903321 005 20230202200604.0 010 $a3-11-095043-X 024 7 $a10.1515/9783110950434 035 $a(CKB)2670000000249879 035 $a(EBL)937480 035 $a(OCoLC)843206151 035 $a(SSID)ssj0000560337 035 $a(PQKBManifestationID)11955580 035 $a(PQKBTitleCode)TC0000560337 035 $a(PQKBWorkID)10571091 035 $a(PQKB)10929262 035 $a(MiAaPQ)EBC937480 035 $a(DE-B1597)48235 035 $a(OCoLC)979591331 035 $a(DE-B1597)9783110950434 035 $a(Au-PeEL)EBL937480 035 $a(CaPaEBR)ebr10591690 035 $a(EXLCZ)992670000000249879 100 $a20010122d2000 uy 0 101 0 $aeng 135 $aurnn#---|u||u 181 $ctxt$2rdacontent 182 $cc$2rdamedia 183 $acr$2rdacarrier 200 10$aWorld directory of map collections /$fcompiled and edited by Olivier Loiseaux on behalf of the Section of Geography and Map Libraries 205 $aFourth edition. 210 1$aMu?nchen :$cK.G. Saur,$d2000. 215 $a1 online resource (552 pages) 225 0 $aIFLA publications,$x0344-6891 ;$v92/93 225 0 $aIFLA Publications ;$v92/93 300 $aDescription based upon print version of record. 311 0 $a3-598-21818-4 320 $aIncludes bibliographical references (p. 525) and indexes. 327 $tFront matter --$tAPPENDIXES: Questionnaires --$tFrench --$tEnglish --$tSpanish --$tGerman --$tRussian --$tAbbreviations --$tBibliography --$tIndex of names --$tIndex of institutions 330 $aThe World Directory of Map Collections. 410 0$aIFLA Publications 606 $aMap collections$vDirectories 615 0$aMap collections 676 $a912/.074 700 $aLoiseaux$b Olivier$01463364 702 $aLoiseaux$b Olivier 702 $aSection of Geography and Map Libraries 712 02$aInternational Federation of Library Associations and Institutions.$bSection of Geography and Map Libraries. 801 0$bMiAaPQ 801 1$bMiAaPQ 801 2$bMiAaPQ 906 $aBOOK 912 $a9910785861903321 996 $aWorld directory of map collections$93672614 997 $aUNINA